Statistics for Speed Typing #8

Click here to take the quiz!

General Stats

  • This quiz has been taken 16 times
  • The average score is 48 of 50

Answer Stats

Answer% Correct
10
100%
12
100%
14
100%
16
100%
18
100%
2
100%
20
100%
22
100%
24
100%
26
100%
30
100%
32
100%
34
100%
36
100%
38
100%
4
100%
40
100%
42
100%
44
100%
46
100%
48
100%
50
100%
52
100%
54
100%
56
100%
58
100%
6
100%
60
100%
62
100%
64
100%
68
100%
70
100%
8
100%
28
93%
66
93%
82
93%
100
87%
72
87%
74
87%
76
87%
78
87%
80
87%
84
87%
86
87%
88
87%
90
87%
92
87%
94
87%
96
87%
98
87%

Score Distribution

Percentile by Number Answered

Percent of People with Each Score

Your Score History

You have not taken this quiz